00357pab a2200133 454500008004000000100002000040245008200060260000900142300001300151362001100164650001300175650002000188773001500208180718b2014 xxu||||| |||| 00| 0 eng d aGatade, Subhash aWhere are the Emile Zolas of our times? On minority rights and state violence c2014 ap.21-28. a22 Mar aViolence aMinority groups aMainstream